Médecins et sorciers. Manifeste pour une psychopathologie scientifique /

Další autoři: Stengers, Isabelle, 1949-, Nathan, Tobie, 1948-
Jazyk: Francouzština
Vydáno: Le Plessis-Robinson : Synthélabo, 1995
Vydání: 1. éd.
Edice: Empecheurs de penser en rond
Témata:
Fyzický popis: 160 s. ; 20 cm
Knihy
Uloženo v:
LEADER 01392nam a2200385 a 4500
001 000551048
003 CZ BrMZK
005 20230602091700.0
007 ta
008 000115s1995 fr f 0 fre d
020 |a 2-908602-60-1 
040 |a BOA001  |b cze 
072 7 |a 61  |x Lékařské vědy. Lékařství  |2 Konspekt  |9 14 
080 |a 61  |2 MRF 
080 |a 616.89  |2 MRF 
080 |a (048.8)  |2 MRF 
245 0 0 |a Médecins et sorciers.  |b Manifeste pour une psychopathologie scientifique /  |c Tobie Nathan. Lemédecin et le charlatan / Isabelle Stengers 
246 3 3 |a Manifeste pour une psychopathologie scientifique 
246 3 3 |a Médecin et le charlatan 
250 |a 1. éd. 
260 |a Le Plessis-Robinson :  |b Synthélabo,  |c 1995 
300 |a 160 s. ;  |c 20 cm 
490 1 |a Collection Les empêcheurs de penser en rond 
504 |a Obsahuje bibliografii 
541 |a Paris, Vivre Livres! 
650 0 7 |a lékařství  |7 ph115195  |2 czenas 
650 0 7 |a psychiatrie  |7 ph115943  |2 czenas 
653 0 |a etnolékařství  |a etnopsychiatrie 
655 7 |a monografie  |7 fd132842  |2 czenas 
700 1 |a Stengers, Isabelle,  |d 1949-  |7 xx0000381 
700 1 |a Nathan, Tobie,  |d 1948-  |7 mzk2006363729  |4 aut 
830 0 |a Empecheurs de penser en rond 
910 |a BOA001  |b 2-1084.043 
990 |a BK 
996 7 |b 2610133273  |c 2-1084.043  |l MZK  |r Sklad / do 1 hodiny  |n 0  |p dar  |w 000551048  |u 000010  |a 1  |e BOA001  |j MZK50  |s A